00897 a2200169 45000010006000000050017000060080041000230030015000640400040000790800110001192450054002290200018002832640068003013000019003695050293003881000046006812712320260407155548.0260407a1979 arg spa dAR-UNSa-BCEJYS aAR-UNSa-BCEJYSbspacAR-UNSa-BCEJYS a711xPrincipios y práctica de la ordenación. Ordenación del territorio, ordenación urbana y rural10aGestión, financiación y control del urbanismo a84-7088-235-X 1aMadrid :bInstituto de Estudios de Administración Localc1979 a964 p.c21 cm. a1. Problemática general del urbanismo español, hoy - 2. La orgánica del urbanismo - 3. El plan como base de la gestión urbanística - 4. La ejecución pública del plan - 5. La ejecución privada del urbanismo - 6. La financiación del urbanismo - 7. El control del urbanismo1 aGonzález-Berenguer Urrutia, José Luis